[Event "interzonal (w)"]
[Site "Jakarta INA"]
[Date "1993.??.??"]
[Round "9"]
[White "Voiska, Margarita"]
[Black "Demina, Yulia"]
[Result "1-0"]
[WhiteElo "2345"]
[BlackElo "2365"]
[EventDate "1993.07.??"]
[PlyCount "47"]

1.d4 d5 2.c4 e6 3.Nf3 c6 4.e3 Nf6 5.Nbd2 Nbd7 6.Bd3 Be7 7.O-O O-O 8.b3 
dxc4 9.Nxc4 c5 10.Bb2 b5 11.Nce5 Qb6 12.dxc5 Nxc5 13.Bd4 Qb7 14.Bc2 h6 15.
Rc1 Ncd7 16.Qd3 Rd8 17.Nxd7 Rxd7 18.Ne5 Rd5 19.Ng4 Kf8 20.Nxf6 Bxf6 21.Qh7
Bxd4 22.exd4 f5 23.Bd1 Qb6 24.Qh8+ 1-0

[Event "interzonal (w)"]
[Site "Jakarta INA"]
[Date "1993.??.??"]
[Round "10"]
[White "Csoke, Adrienn"]
[Black "Wijayanti, Lindri Juni"]
[Result "1/2-1/2"]
[WhiteElo "2235"]
[BlackElo "2185"]
[EventDate "1993.07.??"]
[PlyCount "89"]

1.e4 e5 2.Nc3 Nc6 3.Bc4 Nf6 4.d3 Na5 5.Qf3 Nxc4 6.dxc4 h6 7.Nge2 d6 8.h3 
Be6 9.b3 g6 10.Be3 Nd7 11.g4 c6 12.a4 Qh4 13.Ng3 Qd8 14.Rd1 Be7 15.Qe2 Qa5
16.Bd2 Qc7 17.Be3 Qa5 18.Qd2 h5 19.gxh5 gxh5 20.Nd5 Qxd2+ 21.Kxd2 Bd8 22.
Nb4 h4 23.Ne2 f5 24.exf5 Bxf5 25.Kc1 Be7 26.Na2 O-O-O 27.Nac3 Kb8 28.Rdg1 
Rhg8 29.Rxg8 Rxg8 30.Rg1 Rxg1+ 31.Nxg1 Nf8 32.Nb1 Ne6 33.Nd2 d5 34.cxd5 
cxd5 35.Ndf3 d4 36.Bh6 e4 37.Ne1 Bg5+ 38.Bxg5 Nxg5 39.Ng2 Bxh3 40.Nxh4 Bg4
41.Kd2 Kc7 42.Ne2 Bxe2 43.Kxe2 Kc6 44.f3 Kd5 45.fxe4+ 1/2-1/2

[Event "interzonal (w)"]
[Site "Jakarta INA"]
[Date "1993.??.??"]
[Round "10"]
[White "Dabrowska, Krystyna"]
[Black "Cramling, Pia"]
[Result "1-0"]
[WhiteElo "2240"]
[BlackElo "2525"]
[EventDate "1993.07.??"]
[PlyCount "97"]

1.e4 c5 2.Nf3 e6 3.b3 b6 4.c4 Bb7 5.Nc3 a6 6.Bb2 Qc7 7.d4 cxd4 8.Nxd4 Nf6 
9.Bd3 Bc5 10.Bc2 Qf4 11.Qf3 Qxf3 12.Nxf3 O-O 13.O-O Nc6 14.e5 Ng4 15.Ne4 
f6 16.Nxc5 bxc5 17.Rad1 Rad8 18.Be4 Ngxe5 19.Bxe5 fxe5 20.Bxc6 dxc6 21.
Nxe5 Rd4 22.Nf3 Rdd8 23.Rfe1 h6 24.Kf1 Kf7 25.Ne5+ Ke8 26.Rxd8+ Kxd8 27.
Nd3 Bc8 28.Re5 Kc7 29.Rxc5 Kb6 30.b4 Rd8 31.Ke2 Rd4 32.Ke3 Rd8 33.Re5 Kc7 
34.Re4 Rd7 35.a4 Re7 36.a5 Bd7 37.Kd4 Rf7 38.f3 Bc8 39.Ne5 Rf5 40.Rg4 g5 
41.f4 Bb7 42.g3 c5+ 43.bxc5 Bg2 44.fxg5 hxg5 45.h4 gxh4 46.gxh4 Bh1 47.
Rg7+ Kc8 48.c6 Rh5 49.Kc5 1-0

[Event "interzonal (w)"]
[Site "Jakarta INA"]
[Date "1993.??.??"]
[Round "10"]
[White "Holoubkova, Martina"]
[Black "Levitan, Yuliya"]
[Result "1-0"]
[WhiteElo "2235"]
[BlackElo "2270"]
[EventDate "1993.07.??"]
[PlyCount "83"]

1.e4 c5 2.c3 d5 3.exd5 Qxd5 4.d4 Nf6 5.Be3 cxd4 6.cxd4 e6 7.Nc3 Qa5 8.Nf3 
Nc6 9.a3 Be7 10.Bd3 O-O 11.O-O a6 12.b4 Qd8 13.Qe2 b6 14.Rfd1 Bb7 15.Rac1 
Qb8 16.d5 exd5 17.Na4 b5 18.Nb6 Re8 19.Nxa8 Bxa8 20.Qc2 g6 21.Bc5 Bxc5 22.
Qxc5 Ne4 23.Qc2 Qf4 24.Re1 g5 25.Bxe4 dxe4 26.Qd2 Qxd2 27.Nxd2 f5 28.Nb3 
Ne5 29.Nc5 Bd5 30.Rcd1 Bc4 31.Rd6 Kf7 32.Rxa6 Rd8 33.Nb7 Rd2 34.Nd6+ Kg8 
35.Ra8+ Kg7 36.Nxf5+ Kg6 37.Ng3 Bd5 38.Rd8 e3 39.Rxe3 Rd1+ 40.Nf1 Nc4 41.
Re2 Kf6 42.f3 1-0

[Event "interzonal (w)"]
[Site "Jakarta INA"]
[Date "1993.??.??"]
[Round "10"]
[White "Khurtsidze, Nino"]
[Black "Amura, Claudia"]
[Result "1-0"]
[WhiteElo "2325"]
[BlackElo "2365"]
[EventDate "1993.07.??"]
[PlyCount "73"]

1.d4 d5 2.Nf3 Bf5 3.c4 e6 4.Nc3 c6 5.Qb3 Qb6 6.c5 Qxb3 7.axb3 Na6 8.Bf4 
Nb4 9.Kd2 Nf6 10.Ra4 Ne4+ 11.Nxe4 dxe4 12.Rxb4 b5 13.Ne5 a5 14.Nxc6 axb4 
15.e3 Ra1 16.Nxb4 Kd8 17.Nc2 Rb1 18.Na3 Ra1 19.Nxb5 f6 20.b4 Kc8 21.Na3 
Kd8 22.Nc2 Rb1 23.Bb8 g6 24.c6 Ke7 25.Ba7 Kf7 26.b5 Bd6 27.b6 Ke7 28.g4 
Bxg4 29.Bg2 Rxh1 30.Bxh1 Bf3 31.Bxf3 exf3 32.b7 Bxh2 33.Bb6 Rb8 34.Nb4 h5 
35.Na6 Rh8 36.c7 Kd7 37.Nc5+ 1-0

[Event "interzonal (w)"]
[Site "Jakarta INA"]
[Date "1993.??.??"]
[Round "10"]
[White "Kulish, Irina"]
[Black "Thipsay, Bagyashree Sathe"]
[Result "1-0"]
[WhiteElo "2225"]
[BlackElo "2175"]
[EventDate "1993.07.??"]
[PlyCount "131"]

1.e4 c6 2.d4 d5 3.Nd2 dxe4 4.Nxe4 Nd7 5.Ng5 Ngf6 6.Bd3 e6 7.N1f3 Bd6 8.Qe2
h6 9.Ne4 Nxe4 10.Qxe4 Nf6 11.Qe2 O-O 12.O-O Qc7 13.Re1 Rd8 14.Ne5 Bd7 15.
Qf3 c5 16.Bxh6 cxd4 17.Nxd7 Rxd7 18.Bg5 Be7 19.h4 Rd5 20.g3 Rad8 21.Kg2 
Rc5 22.Rad1 Ne8 23.Bf4 Bd6 24.Bc1 Be7 25.h5 Bg5 26.Bxg5 Rxg5 27.Rh1 Nf6 
28.Rh4 Qc6 29.h6 Qxf3+ 30.Kxf3 gxh6 31.Rxh6 Kg7 32.Rh4 e5 33.Rdh1 b6 34.
Kg2 Rg4 35.Rxg4+ Nxg4 36.Rh7+ Kf8 37.Kf3 Nf6 38.Rh1 Ke7 39.g4 Rg8 40.Bf5 
Ne8 41.Ke4 Kd6 42.Rh6+ f6 43.f4 exf4 44.Kxd4 f3 45.Ke3 Ke5 46.Kxf3 Nd6 47.
Bd3 Nf7 48.Rh1 Kd4 49.Kf4 Ne5 50.Bf5 Rf8 51.Rd1+ Kc5 52.g5 Nc4 53.g6 Rg8 
54.Rg1 Rg7 55.Bd3 Nxb2 56.Kf5 Nxd3 57.cxd3 Kd4 58.Kxf6 Rg8 59.g7 Kxd3 60.
Kf7 Rxg7+ 61.Rxg7 Kc4 62.Ke6 a6 63.Rc7+ Kb4 64.Kd5 b5 65.Kd4 a5 66.Rc3 1-0

[Event "interzonal (w)"]
[Site "Jakarta INA"]
[Date "1993.??.??"]
[Round "10"]
[White "Lumongdong, Lisa Karlina"]
[Black "Shumiakina, Tatiana"]
[Result "1/2-1/2"]
[WhiteElo "2080"]
[BlackElo "2320"]
[EventDate "1993.07.??"]
[PlyCount "123"]

1.e4 c5 2.Nf3 Nc6 3.d4 cxd4 4.Nxd4 Nf6 5.Nc3 e5 6.Ndb5 d6 7.Bg5 a6 8.Na3 
b5 9.Nd5 Be7 10.Bxf6 Bxf6 11.c3 O-O 12.Nc2 Rb8 13.Be2 Bg5 14.O-O Be6 15.b4
Ne7 16.Nce3 Qd7 17.a4 Rfc8 18.axb5 axb5 19.Ra3 Qb7 20.Nxe7+ Bxe7 21.Qd3 
Bg5 22.Rd1 Qc6 23.Nd5 Bd8 24.h3 g6 25.Bg4 h5 26.Bf3 Kg7 27.Qe3 Ra8 28.Rda1
Rxa3 29.Rxa3 Ra8 30.Rxa8 Qxa8 31.Kh2 Bxd5 32.exd5 f5 33.Qd2 Qa7 34.g3 e4 
35.Bd1 Bf6 36.Kg2 Qa3 37.Qe2 Qc1 38.Qc2 Qxc2 39.Bxc2 Bxc3 40.Bd1 Bxb4 41.
Be2 Kf6 42.Bxb5 g5 43.Kf1 Ke5 44.Bc6 Bc5 45.Bb7 f4 46.gxf4+ Kxf4 47.Kg2 g4
48.hxg4 h4 49.Ba6 h3+ 50.Kxh3 Kf3 51.g5 Bxf2 52.g6 Bd4 53.Kh4 Bf6+ 54.Kh5 
e3 55.Bb5 Ke4 56.Kg4 Be5 57.Ba6 Kxd5 58.Kf3 Kd4 59.Ke2 Ke4 60.Bd3+ Kf4 61.
Bc2 d5 62.Bd3 1/2-1/2

[Event "interzonal (w)"]
[Site "Jakarta INA"]
[Date "1993.??.??"]
[Round "10"]
[White "Matveeva, Svetlana"]
[Black "Maric, Mirjana"]
[Result "1-0"]
[WhiteElo "2395"]
[BlackElo "2305"]
[EventDate "1993.07.??"]
[PlyCount "105"]

1.Nf3 Nf6 2.g3 d5 3.Bg2 Bg4 4.c4 c6 5.cxd5 Nxd5 6.Ne5 Be6 7.d4 g6 8.O-O 
Bg7 9.f4 Nd7 10.e4 N5b6 11.Nf3 Nf6 12.Nc3 O-O 13.h3 Qc8 14.Kh2 a5 15.Qc2 
Rd8 16.Be3 Nc4 17.Bf2 b5 18.Ng5 Bd7 19.a4 h6 20.Nf3 b4 21.Nb1 Qa6 22.Rc1 
Nb6 23.Nbd2 Bf8 24.Nb3 Be8 25.Nc5 Qc8 26.Ne5 e6 27.Qb3 Qb8 28.Rc2 Qa7 29.
Bf3 Kg7 30.Rf1 Rac8 31.g4 Bd6 32.Kg1 Bxe5 33.dxe5 Nfd7 34.f5 Nxc5 35.Bxc5 
exf5 36.exf5 Qb7 37.fxg6 fxg6 38.Qe3 Nd5 39.Bf8+ Kg8 40.Qxh6 Qh7 41.Qg5 
Bf7 42.Bd6 Re8 43.Rcf2 Be6 44.h4 Qg7 45.Be4 Red8 46.Bxg6 Ne3 47.Rf7 Bxf7 
48.Rxf7 Qxf7 49.Bxf7+ Kxf7 50.Qxe3 c5 51.Qf4+ Ke6 52.Qc4+ Kd7 53.Qd5 1-0

[Event "interzonal (w)"]
[Site "Jakarta INA"]
[Date "1993.??.??"]
[Round "10"]
[White "Peng Zhaoqin"]
[Black "Gurieli, Nino"]
[Result "1-0"]
[WhiteElo "2335"]
[BlackElo "2355"]
[EventDate "1993.07.??"]
[PlyCount "69"]

1.d4 d6 2.e4 Nf6 3.Nc3 g6 4.Be2 Bg7 5.Be3 O-O 6.f4 c5 7.dxc5 Qa5 8.Bf3 Nc6
9.cxd6 exd6 10.Ne2 Ng4 11.Bg1 Qb4 12.Rb1 Re8 13.a3 Qa5 14.Qd2 f5 15.Bxg4 
fxg4 16.Bf2 Be6 17.O-O Bc4 18.Rfe1 Rad8 19.Nd4 Rd7 20.Rbd1 Bf7 21.Nxc6 
bxc6 22.Bd4 Bxd4+ 23.Qxd4 Be6 24.Rd2 Rf8 25.Rf1 c5 26.Qe3 Qb6 27.b3 Re8 
28.Rfd1 Qd8 29.e5 dxe5 30.Rxd7 Bxd7 31.Ne4 Kh8 32.Nxc5 exf4 33.Qd4+ Kg8 
34.Nxd7 Re6 35.Qd5 1-0

[Event "interzonal (w)"]
[Site "Jakarta INA"]
[Date "1993.??.??"]
[Round "10"]
[White "Qin Kanying"]
[Black "Voiska, Margarita"]
[Result "1/2-1/2"]
[WhiteElo "2410"]
[BlackElo "2345"]
[EventDate "1993.07.??"]
[PlyCount "101"]

1.e4 e5 2.Nf3 Nc6 3.Bb5 a6 4.Ba4 Nf6 5.O-O Be7 6.Re1 b5 7.Bb3 d6 8.c3 O-O 
9.h3 Na5 10.Bc2 c5 11.d4 Bb7 12.Nbd2 cxd4 13.cxd4 exd4 14.Nxd4 Re8 15.b4 
Nc6 16.Nxc6 Bxc6 17.Bb3 Nd7 18.Bb2 Bf6 19.Bxf6 Qxf6 20.Rc1 Rac8 21.Nf1 Ne5
22.Qd2 Qg6 23.Ng3 Bd7 24.Rxc8 Rxc8 25.Rd1 Rc6 26.Qe3 h6 27.Kh2 Qf6 28.f4 
Nc4 29.Qf3 Rc7 30.Nh5 Qh4 31.Rd5 Bc6 32.Bxc4 bxc4 33.Qc3 f5 34.Qxc4 Qxh5 
35.Rxf5+ d5 36.Qxc6 Qxf5 37.Qxc7 Qxe4 38.Qe5 Qc4 39.f5 d4 40.Qe8+ Kh7 41.
Qg6+ Kg8 42.f6 Qc7+ 43.Qg3 Qd7 44.Qb8+ Kf7 45.fxg7 Kxg7 46.Qg3+ Kh8 47.
Qe5+ Kh7 48.Qe4+ Kh8 49.Qe5+ Kh7 50.Qe4+ Kh8 51.Qe5+ 1/2-1/2

[Event "interzonal (w)"]
[Site "Jakarta INA"]
[Date "1993.??.??"]
[Round "10"]
[White "Safranska, Anda"]
[Black "Foisor, Cristina"]
[Result "0-1"]
[WhiteElo "2290"]
[BlackElo "2360"]
[EventDate "1993.07.??"]
[PlyCount "108"]

1.e4 e6 2.d4 d5 3.Nd2 dxe4 4.Nxe4 Bd7 5.Nf3 Bc6 6.Bd3 Nd7 7.O-O Ngf6 8.Ng3
Be7 9.Re1 Bxf3 10.Qxf3 c6 11.c3 O-O 12.Bc2 Re8 13.Bf4 Nf8 14.Nh5 Nxh5 15.
Qxh5 Bf6 16.Re3 g6 17.Qg4 Bg7 18.Rae1 Qb6 19.b3 Qa5 20.a4 Nd7 21.b4 Qd8 
22.Bg5 Qc7 23.h4 h6 24.Bf4 Nf6 25.Qf3 Qe7 26.R3e2 Nh5 27.Bg3 Qf6 28.Qg4 
Nxg3 29.Qxg3 h5 30.a5 Bh6 31.Re4 Qd8 32.Re5 Bg7 33.Rc5 Rc8 34.Ba4 Re7 35.
a6 bxa6 36.Bxc6 Rec7 37.Be4 a5 38.d5 Rxc5 39.bxc5 exd5 40.Rd1 Rxc5 41.c4 
d4 42.Bd5 Rxd5 43.cxd5 Qxd5 44.Qb8+ Kh7 45.Qb1 a4 46.Qd3 Qa2 47.Rd2 Qa1+ 
48.Rd1 Qc3 49.Qxc3 dxc3 50.Rc1 c2 51.Rxc2 a3 52.Ra2 Bb2 53.Kf1 Kg7 54.Ke2 
Kf6 0-1

[Event "interzonal (w)"]
[Site "Jakarta INA"]
[Date "1993.??.??"]
[Round "10"]
[White "Sofieva, Ainur"]
[Black "Wang Pin"]
[Result "1-0"]
[WhiteElo "2390"]
[BlackElo "2335"]
[EventDate "1993.07.??"]
[PlyCount "131"]

1.e4 c5 2.Nf3 d6 3.c3 Nf6 4.h3 e5 5.Bd3 Be7 6.Bc2 O-O 7.O-O d5 8.d3 Nc6 9.
exd5 Nxd5 10.Re1 Bf6 11.Nbd2 Bf5 12.Ne4 Bxe4 13.dxe4 Nc7 14.Be3 Qe7 15.Nh2
Bg5 16.Ng4 Rad8 17.Qf3 Ne6 18.Ba4 Bf4 19.Bxc6 bxc6 20.Rad1 c4 21.g3 Ng5 
22.Qg2 Bxe3 23.Nxe3 Qf6 24.Ng4 Qe6 25.f4 Rxd1 26.Rxd1 exf4 27.gxf4 Nxe4 
28.f5 Qe7 29.Re1 Qc5+ 30.Kh1 Ng5 31.h4 h5 32.Ne3 Nh7 33.Rg1 Qe5 34.Nxc4 
Qf6 35.Qe4 Rd8 36.Re1 Rd5 37.Rf1 g6 38.Kg2 Rxf5 39.Rxf5 gxf5 40.Qf4 Qg6+ 
41.Qg3 Nf8 42.Ne5 Qxg3+ 43.Kxg3 c5 44.Nd3 Ne6 45.Nf4 Ng7 46.Nd5 f6 47.Kf4 
Kf7 48.a4 Ne8 49.Ne3 Nd6 50.Nxf5 Nc4 51.b3 Ne5 52.Ke4 Kg6 53.Ng3 Ng4 54.a5
Nf2+ 55.Kd5 f5 56.Ne2 Nh3 57.Ke5 Nf2 58.Nf4+ Kf7 59.Kxf5 Nd1 60.c4 Ne3+ 
61.Ke4 Nc2 62.Kd5 Na1 63.Nxh5 Nxb3 64.a6 Kg6 65.Ng3 Kh6 66.Ne4 1-0

[Event "interzonal (w)"]
[Site "Jakarta INA"]
[Date "1993.??.??"]
[Round "11"]
[White "Cramling, Pia"]
[Black "Sofieva, Ainur"]
[Result "1/2-1/2"]
[WhiteElo "2525"]
[BlackElo "2390"]
[EventDate "1993.07.??"]
[PlyCount "78"]

1.d4 f5 2.g3 Nf6 3.Bg2 g6 4.Nh3 c6 5.Nc3 d5 6.Bg5 Bg7 7.Qd2 Nbd7 8.Bh6 
Bxh6 9.Qxh6 e5 10.dxe5 Nxe5 11.O-O Nf7 12.Qe3+ Qe7 13.Qd4 O-O 14.Na4 Qe5 
15.e3 b6 16.Rfd1 Ba6 17.Rac1 Rad8 18.Qxe5 Nxe5 19.Nf4 Rfe8 20.b3 Kf7 21.
Nb2 Ne4 22.c3 h5 23.f3 Nf6 24.h4 c5 25.Rd2 Rd7 26.Kf2 Nc6 27.Bf1 Bxf1 28.
Rxf1 Red8 29.Rfd1 Ne5 30.Nbd3 Nc6 31.Ne1 Ne5 32.Ned3 Nc6 33.Nh3 Ne4+ 34.
fxe4 dxe4 35.Nhf4 exd3 36.Rxd3 Rxd3 37.Rxd3 Rxd3 38.Nxd3 Kf6 39.Nf4 Ne5 
1/2-1/2

[Event "interzonal (w)"]
[Site "Jakarta INA"]
[Date "1993.??.??"]
[Round "11"]
[White "Foisor, Cristina"]
[Black "Qin Kanying"]
[Result "1-0"]
[WhiteElo "2360"]
[BlackElo "2410"]
[EventDate "1993.07.??"]
[PlyCount "53"]

1.c4 e5 2.g3 Nf6 3.Bg2 d5 4.cxd5 Nxd5 5.Nc3 Nb6 6.Nf3 Nc6 7.a3 Be7 8.b4 
O-O 9.O-O Re8 10.d3 Bf8 11.Nd2 a5 12.b5 Nd4 13.e3 Ne6 14.Nf3 f6 15.Qc2 c5 
16.Nd2 Nc7 17.Nc4 Ncd5 18.Bb2 Ra7 19.Rfd1 Be6 20.Ne4 Ra8 21.Rab1 Qc7 22.
Ned2 Red8 23.Nb3 a4 24.Nbd2 Qf7 25.e4 Bg4 26.f3 Nxc4 27.Nxc4 1-0

[Event "interzonal (w)"]
[Site "Jakarta INA"]
[Date "1993.??.??"]
[Round "11"]
[White "Johansson, Viktoria"]
[Black "Starr, Nava"]
[Result "1-0"]
[WhiteElo "2155"]
[BlackElo "2210"]
[EventDate "1993.07.??"]
[PlyCount "61"]

1.c4 e5 2.Nc3 Nc6 3.g3 f5 4.Bg2 Nf6 5.e3 Bc5 6.Nge2 e4 7.d3 exd3 8.Qxd3 
Ne5 9.Qxf5 d6 10.Qc2 O-O 11.O-O Kh8 12.Na4 Bb6 13.Nxb6 axb6 14.Nd4 Qe8 15.
b3 Qh5 16.f3 Bd7 17.e4 Rac8 18.Bf4 Nf7 19.Qd2 g5 20.Be3 g4 21.Ne2 Ne5 22.
Nf4 Qf7 23.Bd4 gxf3 24.Bxf3 Nxf3+ 25.Rxf3 Kg8 26.Nd5 Nxe4 27.Rxf7 Rxf7 28.
Qe3 Bh3 29.Re1 c6 30.Nf6+ Nxf6 31.Qg5+ 1-0

[Event "interzonal (w)"]
[Site "Jakarta INA"]
[Date "1993.??.??"]
[Round "11"]
[White "Levitan, Yuliya"]
[Black "Tverskaya, Julia"]
[Result "1-0"]
[WhiteElo "2270"]
[BlackElo "2090"]
[EventDate "1993.07.??"]
[PlyCount "105"]

1.e4 e5 2.Nf3 Nc6 3.Bb5 a6 4.Ba4 Nf6 5.d3 d6 6.c3 Be7 7.O-O O-O 8.Re1 b5 
9.Bb3 Na5 10.Bc2 c5 11.Nbd2 g6 12.Nf1 Nh5 13.Bh6 Ng7 14.Ne3 Be6 15.d4 f6 
16.b3 Ra7 17.Nd5 Rd7 18.a4 Rf7 19.axb5 axb5 20.Nxe7+ Rfxe7 21.d5 Bf7 22.h4
Ra7 23.Nd2 Qc8 24.Qf3 Ne8 25.c4 bxc4 26.bxc4 Ra8 27.Ba4 f5 28.exf5 Qxf5 
29.Ne4 Qxf3 30.gxf3 Nxc4 31.Bxe8 Rexe8 32.Nf6+ Kh8 33.Nxe8 Rxe8 34.Rad1 
Kg8 35.Bc1 Rb8 36.f4 Rb3 37.fxe5 Nxe5 38.Rxe5 dxe5 39.d6 Be6 40.d7 Bxd7 
41.Rxd7 Rb1 42.Rd1 h6 43.Kg2 Kf7 44.Rh1 h5 45.Be3 Rxh1 46.Kxh1 c4 47.Kg2 
Ke6 48.Kf3 Kd5 49.Ke2 Ke4 50.f3+ Kf5 51.Bg5 e4 52.fxe4+ Kxe4 53.Kd2 1-0

[Event "interzonal (w)"]
[Site "Jakarta INA"]
[Date "1993.??.??"]
[Round "11"]
[White "Maric, Mirjana"]
[Black "Lumongdong, Lisa Karlina"]
[Result "1-0"]
[WhiteElo "2305"]
[BlackElo "2080"]
[EventDate "1993.07.??"]
[PlyCount "151"]

1.e4 c5 2.Nf3 Nc6 3.d4 cxd4 4.Nxd4 Nf6 5.Nc3 d6 6.Be2 e5 7.Nf3 h6 8.O-O 
Be7 9.Re1 O-O 10.h3 a6 11.Bf1 b5 12.a4 b4 13.Nd5 Bb7 14.Bc4 Nxd5 15.exd5 
Na5 16.Ba2 Rc8 17.Re4 Qc7 18.Bd2 b3 19.cxb3 f5 20.Re2 Qb6 21.b4 Nc4 22.Bc3
Rc7 23.Nd2 Nxd2 24.Qxd2 Kh8 25.b5 Qa7 26.b6 Qxb6 27.Ba5 Qc5 28.Bxc7 Qxc7 
29.b4 Bg5 30.Qd3 e4 31.Qc4 Qd7 32.Qb3 Rc8 33.Rc2 Re8 34.Re1 Re5 35.Qc3 
Qxa4 36.Bb3 Qb5 37.Rd1 f4 38.Qc4 e3 39.Qxb5 axb5 40.Re2 Kg8 41.Rd4 Bc8 42.
f3 Bf5 43.Kf1 Bd8 44.Bc2 Bb6 45.Rd1 Bc8 46.Bd3 Bd7 47.Ra2 Re8 48.Bg6 Rb8 
49.Rda1 Kf8 50.Ra8 Rxa8 51.Rxa8+ Ke7 52.Rb8 Bc7 53.Rg8 Kf6 54.Be8 Bxe8 55.
Rxe8 Bb6 56.Re6+ Kf5 57.Rxd6 Bd4 58.Rc6 Ke5 59.d6 Ke6 60.Ke2 Kd7 61.Ra6 
Bc3 62.Kd3 Bxb4 63.Ra7+ Kxd6 64.Rxg7 Kd5 65.Rg6 Bd6 66.Rxh6 b4 67.Rh5+ Kc6
68.Ra5 b3 69.Ra4 b2 70.Kc2 Be5 71.Re4 Kd5 72.h4 Ke6 73.h5 Kf5 74.h6 Bc3 
75.h7 Kg6 76.Rxf4 1-0

[Event "interzonal (w)"]
[Site "Jakarta INA"]
[Date "1993.??.??"]
[Round "11"]
[White "Peng Zhaoqin"]
[Black "Maric, Alisa"]
[Result "1/2-1/2"]
[WhiteElo "2335"]
[BlackElo "2405"]
[EventDate "1993.07.??"]
[PlyCount "62"]

1.Nf3 Nf6 2.c4 e6 3.g3 b6 4.Bg2 Bb7 5.O-O Be7 6.d4 O-O 7.Nc3 d5 8.cxd5 
exd5 9.Bf4 Na6 10.Ne5 Re8 11.Rc1 c5 12.dxc5 Nxc5 13.Nb5 Ne6 14.Nd3 Ba6 15.
Nc3 Rc8 16.Qa4 Bxd3 17.exd3 Nxf4 18.Qxf4 Qd7 19.Qf3 Bb4 20.Nxd5 Nxd5 21.
Qxd5 Qxd5 22.Bxd5 Rxc1 23.Rxc1 Re1+ 24.Rxe1 Bxe1 25.h4 Kf8 26.h5 h6 27.Kg2
Bd2 28.Kf3 Bc1 29.b3 Ke7 30.Ke4 f6 31.Bc4 Kd6 1/2-1/2

[Event "interzonal (w)"]
[Site "Jakarta INA"]
[Date "1993.??.??"]
[Round "11"]
[White "Semenova, Lidia"]
[Black "Arakhamia, Ketevan"]
[Result "0-1"]
[WhiteElo "2285"]
[BlackElo "2440"]
[EventDate "1993.07.??"]
[PlyCount "72"]

1.d4 d5 2.Bg5 Nd7 3.Nf3 Ngf6 4.Nbd2 g6 5.c3 Bg7 6.Qc2 O-O 7.e4 dxe4 8.Nxe4
Nxe4 9.Qxe4 Nf6 10.Bxf6 exf6 11.O-O-O Bh6+ 12.Nd2 Bf5 13.Qxb7 c5 14.dxc5 
Re8 15.Bc4 Re7 16.Qb4 Rb8 17.Qa4 Reb7 18.b3 a5 19.Rhe1 Rb4 20.Qe8+ Qxe8 
21.Rxe8+ Rxe8 22.cxb4 axb4 23.c6 Ra8 24.c7 Bf4 25.Re1 Bxc7 26.Re7 Bf4 27.
Rxf7 Kh8 28.g3 Be5 29.Kd1 Bc3 30.Nf1 Rxa2 31.Ne3 Be4 32.Rf8+ Kg7 33.Rg8+ 
Kh6 34.Ng4+ Kg5 35.h3 Ra1+ 36.Ke2 Re1# 0-1

[Event "interzonal (w)"]
[Site "Jakarta INA"]
[Date "1993.??.??"]
[Round "11"]
[White "Sulistya, Maria Lucia Ratna"]
[Black "Jurgens, Vera"]
[Result "1-0"]
[WhiteElo "2190"]
[BlackElo "2350"]
[EventDate "1993.07.??"]
[PlyCount "83"]

1.e4 e5 2.Nf3 Nc6 3.Bb5 a6 4.Ba4 Nf6 5.O-O b5 6.Bb3 Be7 7.Qe2 d6 8.a4 Rb8 
9.axb5 axb5 10.Nc3 Bg4 11.Nxb5 Bxf3 12.Qc4 O-O 13.gxf3 Qd7 14.Ra6 Rb6 15.
Rxb6 cxb6 16.c3 Na5 17.Qa4 Nxb3 18.Qxb3 Qh3 19.Qd1 Ra8 20.d4 Ra1 21.Qe2 
Nh5 22.Be3 Rxf1+ 23.Qxf1 Qxf3 24.dxe5 dxe5 25.Qg2 Qd1+ 26.Qf1 Qc2 27.Bxb6 
Nf4 28.f3 Qxb2 29.c4 Qc2 30.Nc7 Ne2+ 31.Kg2 Qxc4 32.Nd5 Bg5 33.Qa1 f6 34.
Ne7+ Kf7 35.Nf5 Nf4+ 36.Kg3 Kg6 37.Qa8 Qf7 38.h4 Nh5+ 39.Kg4 Bf4 40.Qc8 h6
41.Nd6 f5+ 42.exf5+ 1-0

[Event "interzonal (w)"]
[Site "Jakarta INA"]
[Date "1993.??.??"]
[Round "11"]
[White "Thipsay, Bagyashree Sathe"]
[Black "Shumiakina, Tatiana"]
[Result "1-0"]
[WhiteElo "2175"]
[BlackElo "2320"]
[EventDate "1993.07.??"]
[PlyCount "181"]

1.e4 c5 2.Nf3 Nc6 3.d4 cxd4 4.Nxd4 Nf6 5.Nc3 e5 6.Ndb5 d6 7.Bg5 a6 8.Na3 
b5 9.Bxf6 gxf6 10.Nd5 f5 11.Bd3 Be6 12.O-O Bg7 13.Qh5 f4 14.c4 bxc4 15.
Bxc4 Nd4 16.Rac1 Rc8 17.b3 O-O 18.Nb1 f5 19.f3 Bf7 20.Qh3 Qg5 21.exf5 Kh8 
22.Nbc3 Nxf5 23.Ne4 Qg6 24.Nec3 Rfe8 25.Qg4 Qxg4 26.fxg4 Nd4 27.Bxa6 Rc5 
28.Bc4 Rec8 29.Rce1 h6 30.a4 Nxb3 31.Bxb3 Rxc3 32.Nxc3 Bxb3 33.Ne4 d5 34.
Nd6 Ra8 35.Nf7+ Kg8 36.Nxe5 Rxa4 37.Rf3 Bc2 38.Rc3 Be4 39.Rc8+ Kh7 40.Rc7 
Ra2 41.Nf3 Kg6 42.Rd7 Bf6 43.Rc7 Ra3 44.Rd1 Rb3 45.Rd7 Rb5 46.Kf2 Bc3 47.
h4 Rb2+ 48.Kg1 d4 49.R7xd4 Bxd4+ 50.Rxd4 Bxf3 51.gxf3 h5 52.Rxf4 hxg4 53.
fxg4 Ra2 54.Rf2 Ra4 55.Rg2 Rf4 56.Kh2 Ra4 57.Kh3 Ra1 58.Rf2 Rh1+ 59.Kg3 
Rg1+ 60.Kf4 Ra1 61.Rf3 Rb1 62.h5+ Kh6 63.Kg3 Rg1+ 64.Kh4 Rh1+ 65.Rh3 Ra1 
66.g5+ Kg7 67.Rf3 Ra4+ 68.Kg3 Ra1 69.Kg4 Ra4+ 70.Rf4 Ra1 71.h6+ Kh7 72.
Rf7+ Kg8 73.Rb7 Ra4+ 74.Kh5 Ra5 75.Re7 Rb5 76.Kg6 Rb6+ 77.Kf5 Rb5+ 78.Re5 
Rb1 79.g6 Rf1+ 80.Kg5 Rg1+ 81.Kf5 Rf1+ 82.Ke4 Re1+ 83.Kd4 Rd1+ 84.Kc3 Rd8 
85.Re7 Kh8 86.Kc4 Kg8 87.Kc5 Rc8+ 88.Kd6 Ra8 89.Rc7 Ra6+ 90.Rc6 Ra8 91.Kd7
1-0

[Event "interzonal (w)"]
[Site "Jakarta INA"]
[Date "1993.??.??"]
[Round "11"]
[White "Voiska, Margarita"]
[Black "Khurtsidze, Nino"]
[Result "1/2-1/2"]
[WhiteElo "2345"]
[BlackElo "2325"]
[EventDate "1993.07.??"]
[PlyCount "52"]

1.d4 Nf6 2.c4 e6 3.Nf3 d5 4.Nc3 Bb4 5.cxd5 exd5 6.Bg5 Nbd7 7.Nd2 Bxc3 8.
bxc3 c5 9.e3 Qa5 10.Qc2 cxd4 11.cxd4 O-O 12.Bd3 b6 13.O-O Ba6 14.Bxa6 Qxa6
15.e4 Rac8 16.Qb1 Nxe4 17.Nxe4 dxe4 18.Qxe4 Rfe8 19.Qg4 Nf8 20.h4 Qb5 21.
h5 Ne6 22.Bf6 Kh8 23.Be5 f6 24.Bg3 f5 25.Qh4 f4 26.Bxf4 Nxd4 1/2-1/2

[Event "interzonal (w)"]
[Site "Jakarta INA"]
[Date "1993.??.??"]
[Round "11"]
[White "Wang Pin"]
[Black "Demina, Yulia"]
[Result "1/2-1/2"]
[WhiteElo "2335"]
[BlackElo "2365"]
[EventDate "1993.07.??"]
[PlyCount "73"]

1.e4 c5 2.Nf3 Nc6 3.d4 cxd4 4.Nxd4 Nf6 5.Nc3 d6 6.Bc4 Qb6 7.Nb3 e6 8.O-O 
Be7 9.Bg5 Ne5 10.Be2 O-O 11.Kh1 Bd7 12.f4 Ng6 13.f5 Ne5 14.Qd2 Rad8 15.a4 
a6 16.Rad1 Kh8 17.Qf4 Rc8 18.Qg3 Rxc3 19.Qxc3 Nxe4 20.Qe3 Qxe3 21.Bxe3 
exf5 22.Na5 Bc8 23.Nc4 Be6 24.Nb6 Ng4 25.Bd4 Bg5 26.Rf3 f4 27.Bc4 Bxc4 28.
Nxc4 Rc8 29.Re1 f5 30.Na3 Kg8 31.Rb3 Rc7 32.Kg1 Ne5 33.Bb6 Rd7 34.Rd1 Bf6 
35.Bd4 Rc7 36.Bb6 Rd7 37.Bd4 1/2-1/2

[Event "interzonal (w)"]
[Site "Jakarta INA"]
[Date "1993.??.??"]
[Round "11"]
[White "Wijayanti, Lindri Juni"]
[Black "Holoubkova, Martina"]
[Result "1-0"]
[WhiteElo "2185"]
[BlackElo "2235"]
[EventDate "1993.07.??"]
[PlyCount "79"]

1.e4 e5 2.Nf3 Nc6 3.Nc3 g6 4.Bc4 Bg7 5.a3 Nf6 6.d3 d6 7.h3 O-O 8.Bg5 h6 9.
Be3 Qe7 10.Qd2 Kh7 11.Nh2 Nd4 12.O-O-O c6 13.f4 b5 14.Ba2 a5 15.g4 b4 16.
Nb1 Be6 17.Bxe6 Qxe6 18.a4 Nd7 19.Bxd4 exd4 20.b3 Nb6 21.Nf3 Qd7 22.Qf2 c5
23.Rde1 Rab8 24.f5 Be5 25.Nxe5 dxe5 26.Nd2 Nxa4 27.Nc4 Nc3 28.Nxa5 Ra8 29.
Nc4 Qe7 30.h4 gxf5 31.Qxf5+ Kg8 32.Qxe5 Qxe5 33.Nxe5 Rfe8 34.Nd7 Re6 35.
Rhf1 Ra2 36.Kd2 c4 37.dxc4 Kg7 38.e5 Re7 39.Nc5 Ra5 40.Nd3 1-0

[Event "interzonal (w)"]
[Site "Jakarta INA"]
[Date "1993.??.??"]
[Round "12"]
[White "Botsari, Anna-Maria"]
[Black "Cramling, Pia"]
[Result "0-1"]
[WhiteElo "2245"]
[BlackElo "2525"]
[EventDate "1993.07.??"]
[PlyCount "86"]

1.d4 Nf6 2.c4 g6 3.Nc3 Bg7 4.e4 d6 5.f3 O-O 6.Bg5 c5 7.d5 e6 8.Qd2 exd5 9.
cxd5 h6 10.Be3 Re8 11.Nge2 Nbd7 12.Nd1 Ne5 13.Nec3 Nh7 14.Nf2 h5 15.Be2 f5
16.O-O a6 17.a4 Qf6 18.Ra3 b6 19.Rb1 g5 20.exf5 Bxf5 21.Nce4 Qg6 22.b4 g4 
23.Kh1 Nf6 24.Nxf6+ Bxf6 25.Re1 gxf3 26.gxf3 Kh7 27.Rg1 Qf7 28.Ne4 Bxe4 
29.fxe4 Rg8 30.bxc5 bxc5 31.Rb3 Bh4 32.Rbb1 Rxg1+ 33.Rxg1 Rb8 34.Bxa6 Qf3+
35.Qg2 Rb2 36.Qxf3 Nxf3 37.Rg2 Rb1+ 38.Bg1 Bf2 39.e5 Ra1 40.Bd3+ Kh8 41.
exd6 Bxg1 42.Rb2 Bd4+ 43.Rb1 Ra2 0-1

[Event "interzonal (w)"]
[Site "Jakarta INA"]
[Date "1993.??.??"]
[Round "12"]
[White "Dabrowska, Krystyna"]
[Black "Peng Zhaoqin"]
[Result "0-1"]
[WhiteElo "2240"]
[BlackElo "2335"]
[EventDate "1993.07.??"]
[PlyCount "98"]

1.e4 e6 2.d4 d5 3.e5 c5 4.c3 Nc6 5.Nf3 Qb6 6.a3 c4 7.Be2 Na5 8.Nbd2 Bd7 9.
O-O O-O-O 10.Rb1 Qc7 11.Re1 Bc6 12.Nf1 h6 13.Ng3 Qd7 14.Nh5 Ba4 15.Qd2 g6 
16.Nf6 Qc7 17.Bd1 Bxd1 18.Qxd1 Be7 19.Nxg8 Rdxg8 20.Be3 Nb3 21.Nd2 Qb6 22.
Nxb3 Qxb3 23.Qd2 Kb8 24.Re2 a5 25.Ra1 h5 26.Bg5 Re8 27.Bxe7 Rxe7 28.a4 Rc8
29.Ree1 Qb6 30.Reb1 Rec7 31.Ra3 Qc6 32.h3 Qd7 33.Qc2 Rc6 34.b4 cxb3 35.
Raxb3 R8c7 36.Qb2 Rc4 37.Rb5 Rxc3 38.Rxa5 Qc6 39.Rb5 Rc1+ 40.Kh2 Rxb1 41.
Qxb1 Qc3 42.a5 Qxd4 43.a6 Qf4+ 44.g3 Qxf2+ 45.Kh1 Qf3+ 46.Kh2 d4 47.Rb2 h4
48.gxh4 d3 49.Kg1 d2 0-1